00522nam a2200169Ia 450000500170000000800410001708200130005824500510007126000430012230000130016550000120017870000230019070000230021394200060023695200950024299900150033720241220064826.0240331s9999 xx 000 0 und d bHONa824 0aHonouring E.F.C.Ludowyk :bfelicitation essays aDehiwalabTisara Prakasakayo Ltdc1984 a338 p ., aA Novel aColin-Thome,Peedt aHalpe, Ashleyeedt cL 001040708LaWERCLbWERCLcSSCd2024-03-31l0o 824 HONp1378r2024-03-31w2024-03-31yL c3363d3363